000 00746nam a22001337a 4500
040 _cRUA
082 _aAGR CHE 2012 B053 Or.1
100 _aCHEA, SOPHEA.
245 _acomparison of different fertilizers on cucumber (cucumis vulgaris) at crop station of royal university of agriculture (ការប្រៀបធៀបប្រភេទផ្សេងៗគ្នាលើដំណាំត្រសក់នៅក្នុងស្ថានីយ៍ពិសោធន៍នៃសាកលវិទ្យាល័យភូមិន្ទកសិកម្ម)
260 _aPhnom Penh
_bRUA
_c2012
300 _av, 47p.
_bill.
_c29cm.
856 _uhttps://drive.google.com/file/d/13LOqNseTgj1PV8iOFJEqie7vnO8oXGDK/view?usp=sharing
942 _cAGR
999 _c1452
_d1452